=LDR 00000nam 2200000 4500 =001 INLIS000000000051545 =005 20170928024505 =035 ##$$a 0010-0917000349 =007 ta =008 170928###########################0###### =020 ##$$a 978-602-6466-38-9 =082 ##$$a 959.83 =084 ##$$a 959.83 OWE s =100 #$$a Owen Rutter =245 1#$$a Sejarah Kalimantan /$c Owen Rutter =260 ##$$a Yogyakarta :$b Indoliterasi,$c 2017 =300 ##$$a iv, 512 hlm : $b ilus. ; $c 23 cm =500 ##$$a Judul Asli : British North Borneo =500 ##$$a Biografi ; Hlm. 512 =650 ##$$a Sejarah Kalimantan =700 #$$a Penerjemah : Sutrisno =990 ##$$a 1183011830 =990 ##$$a 1183011830 =990 ##$$a 1183011830 =990 ##$$a 1183011830 =990 ##$$a 1183011830 =990 ##$$a 21704061 =990 ##$$a 01201711830 =990 ##$$a 01201711831 =990 ##$$a 01201711832 =990 ##$$a 01201711833 =990 ##$$a 21704062 =990 ##$$a 01201711830 =990 ##$$a 01201711831 =990 ##$$a 01201711832 =990 ##$$a 21704061 =990 ##$$a 21704063 =990 ##$$a 01201711830 =990 ##$$a 01201711831 =990 ##$$a 21704062 =990 ##$$a 21704061 =990 ##$$a 21704064 =990 ##$$a 01201711830 =990 ##$$a 21704063 =990 ##$$a 21704062 =990 ##$$a 21704061 =990 ##$$a 21704065 =990 ##$$a 21704064 =990 ##$$a 21704063 =990 ##$$a 21704062 =990 ##$$a 21704061